Normal view
MARC view
- الدوري، سيف الدين
Entry Personal Name
001 - CONTROL NUMBER
- control field: 13218
003 - CONTROL NUMBER IDENTIFIER
- control field: JO-AjAnu
005 - DATE AND TIME OF LATEST TRANSACTION
- control field: 20230606072420.0
008 - FIXED-LENGTH DATA ELEMENTS
- fixed length control field: 230606|| aca||aabn | a|a d
040 ## - CATALOGING SOURCE
- Original cataloging agency: JO-AjAnu
- Transcribing agency: JO-AjAnu
100 ## - HEADING--PERSONAL NAME
- Personal name: الدوري، سيف الدين
670 ## - SOURCE DATA FOUND
- Source citation: Work cat.: (JO-AjAnu)6801: الدوري، سيف الدين, author, عبد الرحمن البزاز: أول رئيس وزراء مدني في العراق الجمهوري